00425nam a2200121Ia 4500008004100000020001300041100002000054245004400074260002900118300001900147999001900166952011800185180219s9999 xx 000 0 und d a71182136 aFerry, David R. aBasic electrocardiography in ten days / aUSA :bMcGraw Hillc2001 avii, 266 pages c355999d355999 001040aCLbCLcGCd2018-02-19eDonationl0oRC 683.5.E5 .F399 2001pc21272r2018-05-15 00:00:00w2018-02-19yBK